[Event "Titled Tuesday intern op 16th Apr Early"]
[Site "Chess.com INT"]
[Date "2024.04.16"]
[Round "5"]
[White "Mindlin, Alon"]
[Black "Steinberg, Nitzan"]
[Result "0-1"]
[WhiteElo "2444"]
[BlackElo "2554"]
[PlyCount "76"]
[EventDate "2024.04.16"]
[EventType "swiss (blitz)"]
[EventRounds "11"]
[EventCountry "USA"]
[SourceTitle "CB17_2024"]
[SourceDate "2024.04.24"]
[SourceVersion "1"]
[SourceVersionDate "2024.04.24"]
[SourceQuality "1"]

1. d4 Nf6 2. c4 e6 3. Nf3 Bb4+ 4. Nc3 d5 5. e3 0-0 6. Bd3 c5 7. 0-0 Nc6 8. a3 Bxc3 9. bxc3 dxc4 10. Bxc4 Qc7 11. h3 b6 12. Qe2 Bb7 13. Bb2 Na5 14. Bd3 c4 15. Bc2 Be4 16. Bxe4 Nxe4 17. Ne5 b5 18. Rad1 Nc6 19. Nxc6 Qxc6 20. Qe1 f5 21. f3 Nf6 22. Qh4 a5 23. Rde1 b4 24. e4 Rab8 25. axb4 axb4 26. d5 exd5 27. exf5 Qb6+ 28. Kh1 d4 29. Re6 Qa7 30. Ra1 Qc5 31. cxb4 Qxf5 32. Re7 c3 33. Bc1 Rxb4 34. Raa7 Rb1 35. Rxg7+ Kh8 36. Qh6 Re8 37. Rg5 Rxc1+ 38. Kh2 Qf4+ 0-1

[Event "ISR-chT"]
[Site "Israel"]
[Date "2024.02.10"]
[Round "6.24"]
[White "Mindlin, Alon"]
[Black "Klenburg, Mikhail"]
[Result "1-0"]
[WhiteElo "2441"]
[BlackElo "2325"]
[PlyCount "103"]
[EventDate "2024.01.10"]
[EventType "team-tourn"]
[EventRounds "11"]
[EventCountry "ISR"]
[SourceTitle "CB09_2024"]
[SourceDate "2024.02.28"]
[SourceVersion "1"]
[SourceVersionDate "2024.02.28"]
[SourceQuality "1"]
[WhiteTeam "Kfar Saba"]
[BlackTeam "Beer Sheva II"]
[WhiteTeamCountry "ISR"]
[BlackTeamCountry "ISR"]

1. d4 d6 2. e4 Nf6 3. Nc3 e5 4. Nf3 Nbd7 5. g4 g6 6. g5 Nh5 7. Be3 c6 8. dxe5 dxe5 9. Qd2 Qe7 10. 0-0-0 Bg7 11. Bh3 0-0 12. Qd6 Qxd6 13. Rxd6 Nb6 14. Bxc8 Rfxc8 15. b3 Rd8 16. Rhd1 Rxd6 17. Rxd6 Bf8 18. Rd1 Re8 19. Kb2 f6 20. h4 Kf7 21. a4 Nc8 22. Rd7+ Re7 23. Rd3 Ke8 24. gxf6 Nxf6 25. Bc5 Re6 26. Bxf8 Kxf8 27. Rd8+ Re8 28. Rxe8+ Kxe8 29. Nxe5 Ke7 30. f3 Ke6 31. Nd3 b6 32. Ne2 Ne7 33. Kc3 Nd7 34. Kd4 c5+ 35. Ke3 Nc6 36. Ndf4+ Kd6 37. Nd5 Ke6 38. f4 Nf6 39. Nxf6 Kxf6 40. Kd2 Ke6 41. c3 a6 42. Kd3 Kd6 43. Ng1 b5 44. axb5 axb5 45. Nf3 Na5 46. b4 Nc6 47. bxc5+ Kxc5 48. Ng5 h6 49. Ne6+ Kd6 50. Nd4 Na7 51. e5+ Kd5 52. Nxb5 1-0

[Event "ISR-chT"]
[Site "Israel"]
[Date "2024.01.20"]
[Round "4.30"]
[White "Mindlin, Alon"]
[Black "Guz, Ari"]
[Result "1/2-1/2"]
[WhiteElo "2441"]
[BlackElo "2308"]
[PlyCount "34"]
[EventDate "2024.01.10"]
[EventType "team-tourn"]
[EventRounds "11"]
[EventCountry "ISR"]
[SourceTitle "CB09_2024"]
[SourceDate "2024.02.28"]
[SourceVersion "1"]
[SourceVersionDate "2024.02.28"]
[SourceQuality "1"]
[WhiteTeam "Kfar Saba"]
[BlackTeam "Rishon Le iZion II"]
[WhiteTeamCountry "ISR"]
[BlackTeamCountry "ISR"]

1. d4 d5 2. c4 e6 3. Nf3 Nf6 4. Nc3 Nbd7 5. Bg5 c6 6. e3 h6 7. Bh4 g5 8. Bg3 Nh5 9. Bd3 Nxg3 10. hxg3 Bg7 11. Rc1 Qe7 12. Kf1 0-0 13. Kg1 dxc4 14. Bxc4 e5 15. d5 Nb6 16. Bb3 cxd5 17. Nxd5 Nxd5 1/2-1/2

[Event "Titled Tuesday intern op 12th Dec Early"]
[Site "Chess.com INT"]
[Date "2023.12.12"]
[Round "5"]
[White "Sarana, Alexey"]
[Black "Mindlin, Alon"]
[Result "1-0"]
[WhiteElo "2688"]
[BlackElo "2438"]
[PlyCount "113"]
[EventDate "2023.12.12"]
[EventType "swiss (blitz)"]
[EventRounds "11"]
[EventCountry "USA"]
[SourceTitle "CB51_2023"]
[SourceDate "2023.12.20"]
[SourceVersion "1"]
[SourceVersionDate "2023.12.20"]
[SourceQuality "1"]

1. d4 Nf6 2. c4 e6 3. Nc3 d5 4. Bg5 Be7 5. e3 0-0 6. Nf3 h6 7. Bxf6 Bxf6 8. cxd5 exd5 9. Qb3 c6 10. Bd3 Re8 11. 0-0 Qb6 12. Qc2 Bg4 13. Nd2 Nd7 14. h3 Be6 15. Rab1 a5 16. a3 Rec8 17. b4 axb4 18. axb4 Qd8 19. Na4 b5 20. Nc5 Nxc5 21. Qxc5 Be7 22. Qc3 Qd7 23. Nf3 Bd6 24. Rfc1 Bf5 25. Bxf5 Qxf5 26. Qc2 Qd7 27. Ne1 Ra6 28. Nd3 Rca8 29. Qd1 Qf5 30. Rc3 Ra3 31. Rbc1 Rxc3 32. Rxc3 g6 33. Rxc6 Ra3 34. Rxd6 Rxd3 35. Qf3 Qxf3 36. gxf3 Rb3 37. Rxd5 Rxb4 38. Kg2 Rb1 39. h4 b4 40. Rb5 b3 41. f4 b2 42. Kf3 f5 43. Rb7 Kf8 44. Ke2 Ke8 45. d5 Kd8 46. d6 Rh1 47. Rxb2 Rxh4 48. Rb8+ Kd7 49. Rg8 Rg4 50. f3 Rg2+ 51. Kf1 Rd2 52. Rxg6 Rxd6 53. Rxd6+ Kxd6 54. Kg2 Kd5 55. Kg3 Kc4 56. e4 Kd4 57. e5 1-0

[Event "Ramat Gan Shavuot op"]
[Site "Ramat Gan"]
[Date "2023.05.25"]
[Round "5"]
[White "Mindlin, Alon"]
[Black "Aizenberg, Benny"]
[Result "1/2-1/2"]
[WhiteElo "2435"]
[BlackElo "2403"]
[PlyCount "161"]
[EventDate "2023.05.25"]
[EventType "swiss (rapid)"]
[EventRounds "6"]
[EventCountry "ISR"]
[SourceTitle "CBM 214 Extra"]
[Source "ChessBase"]
[SourceDate "2023.07.31"]
[SourceVersion "1"]
[SourceVersionDate "2023.07.31"]
[SourceQuality "1"]

1. d4 f5 2. Bg5 g6 3. Nc3 Bg7 4. e4 d6 5. Nf3 Nf6 6. exf5 Bxf5 7. Bc4 c6 8. 0-0 d5 9. Bd3 0-0 10. Bxf5 gxf5 11. Bxf6 Rxf6 12. Ne2 Qd6 13. Re1 Nd7 14. Ng3 e6 15. Qd3 Rg6 16. Re2 f4 17. Nf1 e5 18. dxe5 Nxe5 19. Nxe5 Bxe5 20. c3 Qf6 21. Qf3 Kh8 22. Rae1 Bd6 23. Re8+ Rxe8 24. Rxe8+ Rg8 25. Rxg8+ Kxg8 26. Qg4+ Kf7 27. Nd2 Qe6 28. Qd1 Kg7 29. h3 Qf5 30. a4 Bc5 31. Nf3 Qe4 32. b4 Be7 33. Nd4 Bf6 34. Qg4+ Kf7 35. Qd7+ Qe7 36. Qf5 Qe4 37. Qh5+ Kf8 38. Nf5 Qe1+ 39. Kh2 Qxf2 40. Qh6+ Kf7 41. Qxh7+ Ke6 42. Qg6 f3 43. Nd4+ Ke7 44. Nxf3 Bxc3 45. Qh7+ Kd6 46. Qg6+ Kc7 47. Qf7+ Kb6 48. Qf4 Qb2 49. b5 cxb5 50. Qd6+ Ka5 51. axb5 Kxb5 52. Qxd5+ Ka6 53. h4 b5 54. h5 Ka5 55. h6 Qc1 56. Qa2+ Kb4 57. Qe6 a5 58. h7 Qc2 59. Qe7+ Ka4 60. Qh4+ b4 61. h8Q Bxh8 62. Qxh8 b3 63. Qa1+ Kb4 64. Qe1+ Qc3 65. Qe4+ Ka3 66. Nd4 Qc7+ 67. Kh3 Qc8+ 68. g4 b2 69. Qd3+ Kb4 70. Qb3+ Kc5 71. Nf5 Qh8+ 72. Kg2 a4 73. Qa3+ Kb5 74. Qd3+ Kb4 75. Nd4 Qa8+ 76. Kg1 Qa7 77. Kh2 Qc7+ 78. Kh3 Qc3 79. Nc2+ Kb3 80. Nd4+ Kb4 81. Nc2+ 1/2-1/2

[Event "ISR-chT"]
[Site "Israel"]
[Date "2023.05.12"]
[Round "11.5"]
[White "Aharonovich, Itamar"]
[Black "Mindlin, Alon"]
[Result "0-1"]
[WhiteElo "2327"]
[BlackElo "2432"]
[PlyCount "76"]
[EventDate "2023.01.11"]
[EventType "team-tourn"]
[EventRounds "11"]
[EventCountry "ISR"]
[SourceTitle "EXT 2024"]
[Source "ChessBase"]
[SourceDate "2023.10.10"]
[SourceVersion "1"]
[SourceVersionDate "2023.10.10"]
[SourceQuality "1"]
[WhiteTeam "Ramat Gan Etude"]
[BlackTeam "Kfar Saba"]
[WhiteTeamCountry "ISR"]
[BlackTeamCountry "ISR"]

1. d4 Nf6 2. c4 e6 3. Nf3 d5 4. g3 Be7 5. Bg2 0-0 6. 0-0 dxc4 7. Qa4 a6 8. Qxc4 b5 9. Qc2 Bb7 10. Bd2 Nbd7 11. Ba5 Rc8 12. Nbd2 Qe8 13. b4 Nb8 14. a3 Nc6 15. Nb3 Nxa5 16. Nxa5 Be4 17. Qb2 Nd7 18. Rac1 Bf6 19. Qd2 h6 20. Rfd1 g5 21. Qe3 Ba8 22. Nd2 Bxg2 23. Kxg2 Bg7 24. Ne4 e5 25. d5 f5 26. Nc5 f4 27. Qb3 e4 28. d6+ Kh8 29. Qe6 Qh5 30. Nxe4 Ne5 31. d7 Rcd8 32. Rd5 f3+ 33. Kg1 Ng4 34. h4 fxe2 35. Re1 Ne3 36. Rd3 Nc2 37. Nf6 Qg6 38. Qxe2 Nxe1 0-1

[Event "Ramat Gan Lag BaOmer op"]
[Site "Ramat Gan"]
[Date "2023.05.08"]
[Round "1"]
[White "Shilon Rahav, Eliran"]
[Black "Mindlin, Alon"]
[Result "1-0"]
[WhiteElo "1840"]
[BlackElo "2435"]
[PlyCount "139"]
[EventDate "2023.05.08"]
[EventType "swiss (rapid)"]
[EventRounds "5"]
[EventCountry "ISR"]
[SourceTitle "CBM 214 Extra"]
[Source "ChessBase"]
[SourceDate "2023.07.31"]
[SourceVersion "1"]
[SourceVersionDate "2023.07.31"]
[SourceQuality "1"]

1. e4 e5 2. Nc3 Nf6 3. d4 exd4 4. Qxd4 Nc6 5. Qd3 Bb4 6. Bd2 Qe7 7. 0-0-0 0-0 8. f3 b5 9. g4 Bxc3 10. Bxc3 b4 11. Bd4 a5 12. Qe3 b3 13. cxb3 a4 14. Bc4 Nxd4 15. Qxd4 axb3 16. Bxb3 d6 17. Ne2 Be6 18. Nf4 Bxb3 19. axb3 c5 20. Qd3 Nd7 21. Kc2 Qh4 22. Ng2 Qf6 23. f4 c4 24. bxc4 Nc5 25. Qxd6 Ne6 26. Qe5 Qg6 27. Qf5 Qh6 28. h4 Rfd8 29. Rxd8+ Rxd8 30. Rd1 Re8 31. h5 g6 32. Qf6 Qf8 33. Ne3 Qc5 34. Rd3 Qa7 35. h6 Qa4+ 36. Kd2 Qb4+ 37. Ke2 Qb8 38. f5 Qh2+ 39. Kd1 Ra8 40. Nc2 Qh1+ 41. Kd2 Qxh6+ 42. Kc3 Qf4 43. e5 Rc8 44. b3 Nf8 45. fxg6 Nxg6 46. Qxf4 Nxf4 47. Rf3 Ng6 48. Re3 Re8 49. Kd4 Rd8+ 50. Kc5 Nf4 51. Kc6 Ne6 52. Nb4 Kg7 53. Nd5 Kg6 54. Re4 Kg5 55. b4 Rc8+ 56. Kd7 Ra8 57. c5 Ra7+ 58. Kd6 Ng7 59. c6 Ne8+ 60. Kc5 Ra1 61. c7 Ra8 62. b5 h5 63. b6 hxg4 64. b7 Nxc7 65. Nxc7 Rh8 66. Na6 Kf5 67. Re1 g3 68. b8Q Rxb8 69. Nxb8 Kg4 70. Kd6 1-0

[Event "Titled Tuesday intern op 04th Apr Late"]
[Site "Chess.com INT"]
[Date "2023.04.04"]
[Round "5"]
[White "Mindlin, Alon"]
[Black "Bachmann, Axel"]
[Result "0-1"]
[WhiteElo "2435"]
[BlackElo "2604"]
[PlyCount "110"]
[EventDate "2023.04.04"]
[EventType "swiss (blitz)"]
[EventRounds "11"]
[EventCountry "USA"]
[SourceTitle "EXT 2024"]
[Source "ChessBase"]
[SourceDate "2023.10.10"]
[SourceVersion "1"]
[SourceVersionDate "2023.10.10"]
[SourceQuality "1"]

1. d4 Nf6 2. c4 e6 3. Nc3 Bb4 4. e3 0-0 5. Bd3 d5 6. Nf3 b6 7. 0-0 Ba6 8. cxd5 exd5 9. Bxa6 Nxa6 10. Qd3 Qc8 11. Bd2 Re8 12. Rfc1 Qb7 13. a3 Bf8 14. b4 Nb8 15. Ne5 c6 16. b5 c5 17. Qf5 Re6 18. Ne2 Nbd7 19. Nf4 g6 20. Qh3 Rd6 21. Bc3 Ne4 22. Nxf7 Kxf7 23. Qxh7+ Ke8 24. Nxg6 Nxc3 25. Rxc3 c4 26. e4 dxe4 27. Nxf8 Kxf8 28. Rg3 Qd5 29. Re1 Nf6 30. Qg7+ Ke8 31. Rg5 Qf7 32. Qh8+ Qf8 33. Re5+ Kd7 34. Qh3+ Kc7 35. Rc1 Rad8 36. Rxc4+ Kb8 37. g3 Rxd4 38. Rc2 Rd1+ 39. Kg2 Qd6 40. Qf5 Qd3 41. g4 Qf1+ 42. Kg3 R1d3+ 43. Kh4 Qh3+ 44. Kg5 Rg8+ 45. Kxf6 Rf3 46. Rxe4 Rxf5+ 47. gxf5 Qh6+ 48. Ke5 Re8+ 49. Kd4 Qd6+ 50. Ke3 Qxa3+ 51. Kf4 Rxe4+ 52. Kxe4 Qa4+ 53. Kd3 Qxb5+ 54. Ke4 Qa4+ 55. Kd3 Qf4 0-1

[Event "Titled Tuesday intern op 04th Apr Late"]
[Site "Chess.com INT"]
[Date "2023.04.04"]
[Round "3"]
[White "Mindlin, Alon"]
[Black "Indjic, Aleksandar"]
[Result "0-1"]
[WhiteElo "2435"]
[BlackElo "2618"]
[PlyCount "68"]
[EventDate "2023.04.04"]
[EventType "swiss (blitz)"]
[EventRounds "11"]
[EventCountry "USA"]
[SourceTitle "EXT 2024"]
[Source "ChessBase"]
[SourceDate "2023.10.10"]
[SourceVersion "1"]
[SourceVersionDate "2023.10.10"]
[SourceQuality "1"]

1. d4 Nf6 2. c4 e6 3. Nc3 c5 4. d5 exd5 5. cxd5 d6 6. e4 g6 7. f3 Bg7 8. Be3 0-0 9. Qd2 Re8 10. Be2 h5 11. Bd1 b5 12. Nxb5 Ba6 13. a4 Bxb5 14. axb5 Nbd7 15. Nh3 Nb6 16. Be2 Qd7 17. Nf2 Qe7 18. Bg5 Qe5 19. Bf4 Qe7 20. Rc1 Nh7 21. 0-0 f5 22. Bh6 Bd4 23. Kh1 g5 24. Nh3 f4 25. e5 Be3 26. Qc2 Kh8 27. Qg6 Rg8 28. Qxh5 Bxc1 29. Rxc1 Qe8 30. Qg4 Qg6 31. Qe6 Rae8 32. Qg4 Qxh6 33. e6 Nxd5 34. Bd3 Ne3 0-1

[Event "Titled Tuesday intern op 21st Mar Early"]
[Site "Chess.com INT"]
[Date "2023.03.21"]
[Round "5"]
[White "Costachi, Mihnea"]
[Black "Mindlin, Alon"]
[Result "1-0"]
[WhiteElo "2476"]
[BlackElo "2435"]
[PlyCount "69"]
[EventDate "2023.03.21"]
[EventType "swiss (blitz)"]
[EventRounds "11"]
[EventCountry "USA"]
[SourceTitle "EXT 2024"]
[Source "ChessBase"]
[SourceDate "2023.10.10"]
[SourceVersion "1"]
[SourceVersionDate "2023.10.10"]
[SourceQuality "1"]

1. Nc3 Nf6 2. e4 e5 3. Bc4 c6 4. Nf3 d5 5. exd5 cxd5 6. Bb5+ Bd7 7. Nxe5 Bxb5 8. Nxb5 a6 9. Nd4 Bd6 10. Ndf3 0-0 11. 0-0 Nc6 12. Nxc6 bxc6 13. d3 h6 14. b3 Nh5 15. Bb2 Nf4 16. g3 Ne6 17. Nd4 c5 18. Nf5 Kh7 19. Qg4 g6 20. Nxh6 f5 21. Qe2 Nd4 22. Bxd4 cxd4 23. Qd2 g5 24. Rae1 Kxh6 25. Re6+ Rf6 26. Rfe1 Rxe6 27. Rxe6+ Kg7 28. c4 dxc3 29. Qxc3+ Kf7 30. Rh6 Rc8 31. Rh7+ Ke6 32. Qe1+ Kf6 33. Rh6+ Kg7 34. Qe6 Qe8 35. Qf6+ 1-0

[Event "Titled Tuesday intern op 21st Mar Early"]
[Site "Chess.com INT"]
[Date "2023.03.21"]
[Round "3"]
[White "Horak, Martin"]
[Black "Mindlin, Alon"]
[Result "0-1"]
[WhiteElo "2238"]
[BlackElo "2435"]
[PlyCount "54"]
[EventDate "2023.03.21"]
[EventType "swiss (blitz)"]
[EventRounds "11"]
[EventCountry "USA"]
[SourceTitle "EXT 2024"]
[Source "ChessBase"]
[SourceDate "2023.10.10"]
[SourceVersion "1"]
[SourceVersionDate "2023.10.10"]
[SourceQuality "1"]

1. e4 e5 2. f4 d5 3. exd5 exf4 4. Nf3 Nf6 5. Bb5+ Bd7 6. Bxd7+ Qxd7 7. 0-0 Nxd5 8. c4 Nf6 9. d4 Be7 10. Bxf4 0-0 11. Nc3 Rd8 12. Qc2 Nc6 13. Rad1 h6 14. a3 Bd6 15. Ne5 Qe8 16. Rfe1 Bxe5 17. Bxe5 Nxe5 18. Rxe5 Qc6 19. b3 Re8 20. Rde1 Rxe5 21. Rxe5 Qd6 22. Nb5 Qd7 23. Qe2 c6 24. Re7 Qd8 25. Nc7 Qxd4+ 26. Qe3 Qxe3+ 27. Rxe3 Rc8 0-1

[Event "Titled Tuesday intern op 21st Mar Early"]
[Site "Chess.com INT"]
[Date "2023.03.21"]
[Round "1"]
[White "Rios Escobar, Adan"]
[Black "Mindlin, Alon"]
[Result "1-0"]
[WhiteElo "2276"]
[BlackElo "2435"]
[PlyCount "77"]
[EventDate "2023.03.21"]
[EventType "swiss (blitz)"]
[EventRounds "11"]
[EventCountry "USA"]
[SourceTitle "EXT 2024"]
[Source "ChessBase"]
[SourceDate "2023.10.10"]
[SourceVersion "1"]
[SourceVersionDate "2023.10.10"]
[SourceQuality "1"]

1. d4 Nf6 2. g3 d5 3. Nf3 e6 4. Bg2 Be7 5. 0-0 0-0 6. c4 dxc4 7. Qc2 a6 8. a4 Bd7 9. Rd1 Bc6 10. Nc3 Bb4 11. Bg5 Nbd7 12. Ne5 Bxg2 13. Kxg2 Be7 14. Nxc4 Nd5 15. Bxe7 Qxe7 16. e4 Nxc3 17. bxc3 Rfd8 18. Rab1 b6 19. Ne3 Nf6 20. h4 h6 21. Rb3 Rd7 22. c4 Rad8 23. e5 Ne8 24. Qb2 c5 25. d5 exd5 26. cxd5 Rb8 27. Rxb6 Rxb6 28. Qxb6 Qxe5 29. Qxc5 Qe4+ 30. Kg1 Qxa4 31. Qc8 Re7 32. Rc1 Kh7 33. Qc2+ Qxc2 34. Rxc2 Ra7 35. Nc4 Rc7 36. Ne3 Rc3 37. Rxc3 Kg6 38. Rc6+ f6 39. Rxa6 1-0

[Event "Titled Tuesday intern op 21st Feb Early"]
[Site "Chess.com INT"]
[Date "2023.02.21"]
[Round "1"]
[White "Mindlin, Alon"]
[Black "Kaganskiy, Gleb"]
[Result "1-0"]
[WhiteElo "2436"]
[BlackElo "2183"]
[PlyCount "103"]
[EventDate "2023.02.21"]
[EventType "swiss (blitz)"]
[EventRounds "11"]
[EventCountry "USA"]
[SourceTitle "CBM 212 Extra"]
[Source "ChessBase"]
[SourceDate "2023.03.31"]
[SourceVersion "1"]
[SourceVersionDate "2023.03.31"]
[SourceQuality "1"]

1. e4 e6 2. c4 d5 3. cxd5 exd5 4. exd5 Nf6 5. Nc3 Nxd5 6. Nf3 Be7 7. d4 0-0 8. Bd3 Nc6 9. 0-0 Bg4 10. h3 Bh5 11. Be4 Nxc3 12. bxc3 Bg6 13. Bxg6 hxg6 14. Rb1 b6 15. Re1 Bf6 16. Qa4 Na5 17. Bf4 c6 18. Be5 Qd5 19. Nd2 Bxe5 20. Rxe5 Qd6 21. Ne4 Qd7 22. Re1 f6 23. Nc5 bxc5 24. Re7 Qd8 25. Qc2 Rf7 26. R7e2 f5 27. Qa4 cxd4 28. cxd4 Nb7 29. Qxc6 Kh7 30. Re8 Rc8 31. Qxc8 Qxc8 32. Rxc8 Nd6 33. Rd8 Ne4 34. f3 Nc3 35. Ree8 g5 36. Rh8+ Kg6 37. Rd6+ Rf6 38. Rxf6+ Kxf6 39. Ra8 Nxa2 40. Rxa7 Nc3 41. Kf1 Nd5 42. Ra6+ Kf7 43. Ra5 Ne3+ 44. Kf2 f4 45. Rxg5 Kf6 46. Re5 g5 47. Rxe3 fxe3+ 48. Kxe3 Ke6 49. g3 Kd6 50. f4 gxf4+ 51. Kxf4 Ke6 52. h4 1-0

[Event "Titled Tuesday intern op 14th Feb Early"]
[Site "Chess.com INT"]
[Date "2023.02.14"]
[Round "4"]
[White "Mindlin, Alon"]
[Black "Ter Sahakyan, Samvel"]
[Result "1-0"]
[WhiteElo "2436"]
[BlackElo "2616"]
[PlyCount "141"]
[EventDate "2023.02.14"]
[EventType "swiss (blitz)"]
[EventRounds "11"]
[EventCountry "USA"]
[SourceTitle "CBM 212 Extra"]
[Source "ChessBase"]
[SourceDate "2023.03.31"]
[SourceVersion "1"]
[SourceVersionDate "2023.03.31"]
[SourceQuality "1"]

1. d4 Nf6 2. c4 g6 3. Nc3 Bg7 4. e4 d6 5. f3 0-0 6. Be3 Nc6 7. Nge2 a6 8. Qd2 Rb8 9. Nc1 e5 10. d5 Nd4 11. Nb3 c5 12. dxc6 bxc6 13. Nxd4 exd4 14. Bxd4 c5 15. Be3 Be6 16. Be2 Nd7 17. 0-0 Ne5 18. Rad1 Nxc4 19. Bxc4 Bxc4 20. Rf2 Qa5 21. Bh6 Rxb2 22. Qxb2 Bxh6 23. Kh1 Bg7 24. Rc2 h5 25. Qc1 Bd4 26. Ne2 Bxe2 27. Rxe2 Rb8 28. Qc4 Qb5 29. Qc2 Qd7 30. Qd3 a5 31. h3 a4 32. Rb1 Rxb1+ 33. Qxb1 Kg7 34. Re1 Qe6 35. Qc2 a3 36. Rb1 Bb2 37. Rxb2 axb2 38. Qxb2+ Kh7 39. a4 Qc4 40. Qa1 Qa6 41. a5 c4 42. Kg1 Qa7+ 43. Kf1 Qc5 44. Qc3 Qb5 45. Kf2 Qc5+ 46. Ke2 Qg5 47. Qxc4 Qxg2+ 48. Ke3 Qg1+ 49. Kd2 Kg8 50. a6 Qf2+ 51. Qe2 Qd4+ 52. Kc2 Qa4+ 53. Kc3 Qa5+ 54. Kc2 Qa2+ 55. Kd1 Qa1+ 56. Kd2 Qa2+ 57. Ke3 Qa3+ 58. Kf2 Qc5+ 59. Kg2 Qa3 60. h4 Qa5 61. Kh3 Kh7 62. Qc4 Kg7 63. Qd4+ Kh7 64. a7 Qa6 65. Kg3 Qf1 66. a8Q Qe1+ 67. Qf2 Qc3 68. Qd5 Qf6 69. Qfd4 Qe7 70. Qa8 f6 71. Qb2 1-0

[Event "ISR-chT"]
[Site "Israel"]
[Date "2023.02.03"]
[Round "5.1"]
[White "Prozhanski, Genrik"]
[Black "Mindlin, Alon"]
[Result "1/2-1/2"]
[WhiteElo "2254"]
[BlackElo "2432"]
[PlyCount "58"]
[EventDate "2023.01.11"]
[EventType "team-tourn"]
[EventRounds "11"]
[EventCountry "ISR"]
[SourceTitle "EXT 2024"]
[Source "ChessBase"]
[SourceDate "2023.10.10"]
[SourceVersion "1"]
[SourceVersionDate "2023.10.10"]
[SourceQuality "1"]
[WhiteTeam "Netanya"]
[BlackTeam "Kfar Saba"]
[WhiteTeamCountry "ISR"]
[BlackTeamCountry "ISR"]

1. d4 Nf6 2. c4 e6 3. Nc3 Bb4 4. Qc2 Nc6 5. Nf3 d6 6. Bd2 0-0 7. a3 Bxc3 8. Bxc3 Qe7 9. e4 e5 10. d5 Nb8 11. Be2 a5 12. 0-0 a4 13. c5 Bg4 14. cxd6 cxd6 15. Rfe1 Nbd7 16. Nd2 Bxe2 17. Rxe2 Rfc8 18. Re3 Nh5 19. Qd1 g6 20. Bb4 b5 21. Rc1 Rxc1 22. Qxc1 Nc5 23. Bxc5 Rc8 24. g3 Nf6 25. Rc3 dxc5 26. Qf1 c4 27. Qc1 Qc5 28. Rf3 Ne8 29. Nb1 Kg7 1/2-1/2

[Event "Titled Tuesday intern op 08th Nov Early"]
[Site "Chess.com INT"]
[Date "2022.11.08"]
[Round "1"]
[White "Mindlin, Alon"]
[Black "Makhmudov, Shukhrat"]
[Result "1-0"]
[WhiteElo "2432"]
[BlackElo "2115"]
[PlyCount "97"]
[EventDate "2022.11.08"]
[EventType "swiss (blitz)"]
[EventRounds "11"]
[EventCountry "USA"]
[SourceTitle "EXT 2024"]
[Source "ChessBase"]
[SourceDate "2023.10.10"]
[SourceVersion "1"]
[SourceVersionDate "2023.10.10"]
[SourceQuality "1"]

1. d4 Nf6 2. c4 e6 3. Nf3 d5 4. Nc3 Bb4 5. e3 0-0 6. Bd3 dxc4 7. Bxc4 Bd6 8. e4 Be7 9. e5 Nd5 10. 0-0 Nxc3 11. bxc3 Re8 12. Bd3 Nd7 13. Qe2 Nf8 14. Qe4 c5 15. Rd1 cxd4 16. cxd4 Qd5 17. Rb1 b6 18. Qxd5 exd5 19. Bg5 Bg4 20. Bxe7 Bxf3 21. gxf3 Rxe7 22. Rbc1 Ne6 23. Bf5 Nf4 24. Rc6 g6 25. Bb1 Ree8 26. Kf1 Ne6 27. a4 Rec8 28. Rxc8+ Rxc8 29. Ba2 Nf4 30. Bb1 Rc4 31. Ke1 Rxa4 32. Bc2 Rc4 33. Rd2 b5 34. Kd1 a5 35. Bb3 Rc3 36. Ba2 b4 37. Rb2 Kf8 38. Bb1 Nd3 39. Ra2 a4 40. Kd2 a3 41. Bxd3 h5 42. Rc2 Rxd3+ 43. Kxd3 b3 44. Rc8+ Kg7 45. Kc3 b2 46. Kc2 Kh6 47. Ra8 Kg5 48. Rxa3 Kf4 49. Kxb2 1-0

[Event "Titled Tuesday intern op 11th Oct Early"]
[Site "Chess.com INT"]
[Date "2022.10.11"]
[Round "3"]
[White "Mindlin, Alon"]
[Black "Fernandez Siles, Luis"]
[Result "1-0"]
[WhiteElo "2426"]
[BlackElo "2220"]
[PlyCount "69"]
[EventDate "2022.10.11"]
[EventType "swiss (blitz)"]
[EventRounds "11"]
[EventCountry "USA"]
[SourceTitle "EXT 2024"]
[Source "ChessBase"]
[SourceDate "2023.10.10"]
[SourceVersion "1"]
[SourceVersionDate "2023.10.10"]
[SourceQuality "1"]

1. d4 Nf6 2. c4 g6 3. Nc3 Bg7 4. e4 d6 5. f3 0-0 6. Be3 e5 7. Nge2 c6 8. d5 cxd5 9. cxd5 a6 10. Qd2 Nbd7 11. g4 h5 12. h3 b5 13. Ng3 h4 14. Nge2 Nh7 15. Nc1 Bb7 16. Nb3 Rc8 17. Bd3 Nb6 18. Rc1 b4 19. Ne2 a5 20. Nxa5 Rxc1+ 21. Nxc1 Bxd5 22. exd5 Nxd5 23. Nc6 Qe8 24. Nxb4 Nf4 25. Bxf4 exf4+ 26. Ne2 Bd4 27. Nd5 Be3 28. Qc3 f5 29. gxf5 gxf5 30. Rh2 Kf7 31. Qc7+ Ke6 32. Bc4 Ke5 33. Qxh7 Rg8 34. Qe7+ Qxe7 35. Nxe7 1-0

[Event "Titled Tuesday intern op 11th Oct Early"]
[Site "Chess.com INT"]
[Date "2022.10.11"]
[Round "1"]
[White "Mindlin, Alon"]
[Black "Zilleruelo Irizarry, Diego"]
[Result "0-1"]
[WhiteElo "2426"]
[BlackElo "2063"]
[PlyCount "58"]
[EventDate "2022.10.11"]
[EventType "swiss (blitz)"]
[EventRounds "11"]
[EventCountry "USA"]
[SourceTitle "EXT 2024"]
[Source "ChessBase"]
[SourceDate "2023.10.10"]
[SourceVersion "1"]
[SourceVersionDate "2023.10.10"]
[SourceQuality "1"]

1. d4 d5 2. c4 e6 3. Nf3 Nf6 4. Nc3 a6 5. c5 Ne4 6. g3 Nxc3 7. bxc3 Be7 8. Rb1 0-0 9. Bg2 c6 10. 0-0 Nd7 11. Bf4 Nf6 12. Ne5 Nd7 13. Nd3 Re8 14. f3 f6 15. e4 e5 16. Be3 dxe4 17. fxe4 exd4 18. cxd4 Nf8 19. d5 cxd5 20. exd5 f5 21. Bf4 Bg5 22. d6 Bxf4 23. Nxf4 Kh8 24. c6 bxc6 25. Bxc6 Bd7 26. Bxa8 Qxa8 27. Qd5 Bc6 28. Qxf5 Nd7 29. Rbe1 Qa7+ 0-1

[Event "Titled Tuesday intern op 11th Oct Early"]
[Site "Chess.com INT"]
[Date "2022.10.11"]
[Round "9"]
[White "Sowul, Bartosz"]
[Black "Mindlin, Alon"]
[Result "0-1"]
[WhiteElo "2269"]
[BlackElo "2426"]
[PlyCount "52"]
[EventDate "2022.10.11"]
[EventType "swiss (blitz)"]
[EventRounds "11"]
[EventCountry "USA"]
[SourceTitle "EXT 2024"]
[Source "ChessBase"]
[SourceDate "2023.10.10"]
[SourceVersion "1"]
[SourceVersionDate "2023.10.10"]
[SourceQuality "1"]

1. e4 e5 2. Nf3 Nc6 3. Bc4 Nf6 4. d4 exd4 5. e5 d5 6. Bb5 Ne4 7. Nxd4 Bd7 8. Bxc6 bxc6 9. 0-0 Bc5 10. f3 Ng5 11. Be3 0-0 12. f4 Ne4 13. f5 Qe7 14. f6 Qxe5 15. fxg7 Rfe8 16. Qf3 Qxg7 17. c3 Rab8 18. b4 Bg4 19. Qf4 Bd6 20. Qh6 Qxh6 21. Bxh6 c5 22. a3 cxd4 23. cxd4 Re6 24. Bf4 Be2 25. Re1 Bxf4 26. Rxe2 Rbe8 0-1